[Event "Subotica-ch"]
[Site "Subotica"]
[Date "2014.03.10"]
[Round "9"]
[White "Tomik, Lajos"]
[Black "Kovac, Zoltan"]
[Result "0-1"]
[WhiteElo "2052"]
[BlackElo "2031"]
[PlyCount "116"]
[EventDate "2014.02.19"]
[EventType "swiss"]
[EventRounds "9"]
[EventCountry "SRB"]
[SourceTitle "CBM 159 Extra"]
[Source "ChessBase"]
[SourceDate "2014.04.24"]
[SourceVersion "1"]
[SourceVersionDate "2014.04.24"]
[SourceQuality "1"]

1. Nf3 d5 2. g3 Nf6 3. Bg2 Bf5 4. d3 e6 5. 0-0 Nbd7 6. Nbd2 c6 7. Qe1 Be7 8. e4 dxe4 9. dxe4 Bg6 10. Qe2 Qc7 11. Ne1 h5 12. h3 h4 13. g4 0-0-0 14. Nd3 Ng8 15. Nc4 e5 16. b4 f6 17. Be3 Bf7 18. Na5 b6 19. Nb3 Bc4 20. a3 g5 21. Rfc1 Nh6 22. Nd2 Ba6 23. c4 c5 24. Nb3 Nf7 25. bxc5 Nxc5 26. Ndxc5 bxc5 27. Bf1 Kb8 28. Bd2 Rd7 29. Ba5 Qc6 30. f3 Nd8 31. Rab1 Ka8 32. Be1 Ne6 33. Bf2 Rg8 34. Rd1 Rxd1 35. Qxd1 Rd8 36. Qc2 Qc7 37. Rd1 Rb8 38. a4 Nd4 39. Nxd4 cxd4 40. Rc1 Bc5 41. Bd3 Qb6 42. Be1 Rb7 43. Bd2 Qb3 44. Ba5 Qxc2 45. Rxc2 Rb3 46. Rd2 Be7 47. Kf2 Bb4 48. Bxb4 Rxb4 49. Rc2 Rxa4 50. Ke2 Kb7 51. Kd2 Kc6 52. Rb2 Bxc4 53. Bc2 Ra2 54. Rxa2 Bxa2 55. Ba4+ Kc5 56. Be8 Kb4 57. Kc2 a5 58. Bd7 Bc4 0-1

[Event "Subotica-ch"]
[Site "Subotica"]
[Date "2014.03.03"]
[Round "6"]
[White "Kovac, Zoltan"]
[Black "Solymosi, Andras"]
[Result "1-0"]
[WhiteElo "2031"]
[BlackElo "1788"]
[PlyCount "51"]
[EventDate "2014.02.19"]
[EventType "swiss"]
[EventRounds "9"]
[EventCountry "SRB"]
[SourceTitle "CBM 159 Extra"]
[Source "ChessBase"]
[SourceDate "2014.04.24"]
[SourceVersion "1"]
[SourceVersionDate "2014.04.24"]
[SourceQuality "1"]

1. d4 Nf6 2. c4 g6 3. Nc3 Bg7 4. e4 d6 5. Bd3 0-0 6. Nge2 e5 7. d5 Nbd7 8. h3 a5 9. Be3 Nc5 10. Qd2 Ne8 11. g4 Bd7 12. Ng3 Bf6 13. Bc2 Rb8 14. a4 Bh4 15. Rg1 Kh8 16. 0-0-0 f6 17. f4 Qe7 18. Rdf1 Ng7 19. Kb1 b6 20. Bf2 Rbe8 21. f5 gxf5 22. gxf5 Rg8 23. Rg2 Bxg3 24. Bxg3 Nh5 25. Rfg1 Qf7 26. Bh4 1-0

[Event "Subotica-ch"]
[Site "Subotica"]
[Date "2014.02.21"]
[Round "2"]
[White "Kovac, Zoltan"]
[Black "Miljkovic, Vukasin"]
[Result "1-0"]
[WhiteElo "2031"]
[BlackElo "1683"]
[PlyCount "77"]
[EventDate "2014.02.19"]
[EventType "swiss"]
[EventRounds "9"]
[EventCountry "SRB"]
[SourceTitle "CBM 159 Extra"]
[Source "ChessBase"]
[SourceDate "2014.04.24"]
[SourceVersion "1"]
[SourceVersionDate "2014.04.24"]
[SourceQuality "1"]

1. d4 f5 2. f4 Nf6 3. Nf3 d6 4. c4 b6 5. Nc3 Bb7 6. e3 e6 7. Bd3 h6 8. Qc2 Nbd7 9. e4 fxe4 10. Nxe4 Qe7 11. Nxf6+ Nxf6 12. Bg6+ Kd7 13. 0-0 c6 14. Re1 Bc8 15. Bd2 Kc7 16. f5 Bd7 17. fxe6 Be8 18. Bd3 Bh5 19. d5 c5 20. b4 g5 21. bxc5 dxc5 22. Qc3 Qd6 23. Qxf6 Be7 24. Qe5 Bxf3 25. Qxd6+ Kxd6 26. gxf3 Raf8 27. Bc3 Bf6 28. Bxf6 Rxf6 29. Re3 Ke7 30. Rd1 Rd8 31. Kg2 a6 32. Be2 Rd6 33. Rb1 Rf8 34. Reb3 Rb8 35. Kg3 h5 36. f4 gxf4+ 37. Kxf4 b5 38. Rg1 Rf8+ 39. Ke5 1-0

[Event "Backa Topola-ch"]
[Site "Backa Topola"]
[Date "2011.11.30"]
[Round "9"]
[White "Solymosi, Andras"]
[Black "Kovac, Zoltan"]
[Result "1/2-1/2"]
[WhiteElo "1725"]
[BlackElo "2085"]
[PlyCount "106"]
[EventDate "2011.11.11"]
[EventType "swiss"]
[EventRounds "9"]
[EventCountry "SRB"]
[SourceTitle "CBM 145 Extra"]
[Source "ChessBase"]
[SourceDate "2012.01.03"]
[SourceVersion "1"]
[SourceVersionDate "2012.01.03"]
[SourceQuality "1"]

1. d4 d5 2. Nf3 Nf6 3. g3 Bf5 4. Bg2 e6 5. 0-0 Nbd7 6. Nbd2 Be7 7. c4 c6 8. b3 0-0 9. Nh4 Bg6 10. Nxg6 hxg6 11. Bb2 Rc8 12. Re1 Bb4 13. a3 Bxd2 14. Qxd2 Qb6 15. Qd3 Rfd8 16. c5 Qc7 17. f4 b6 18. b4 b5 19. Bc3 Ne8 20. Qe3 Kf8 21. Rf1 Nef6 22. h3 Re8 23. g4 Ng8 24. g5 f5 25. Qg3 Kf7 26. h4 Ne7 27. Bf3 Rh8 28. Kg2 a6 29. Rh1 Rcg8 30. Rh2 Nf8 31. Rah1 Qb8 32. e3 Qc7 33. Rh3 Qd8 34. Kf2 Qc7 35. Qh2 Qd8 36. Ke2 Qc7 37. Kd3 Qd8 38. Ra1 Qc7 39. a4 Nd7 40. Qg3 Qb7 41. axb5 axb5 42. h5 Ra8 43. hxg6+ Nxg6 44. Bh5 Ndf8 45. Rah1 Qa6 46. Ra1 Qb7 47. Qh2 Rxa1 48. Bxa1 Qa8 49. Bc3 Kg8 50. Bxg6 Nxg6 51. Rxh8+ Nxh8 52. Qh5 g6 53. Qd1 Qa2 1/2-1/2

[Event "Backa Topola-ch"]
[Site "Backa Topola"]
[Date "2011.11.21"]
[Round "5"]
[White "Komaromi, Sandor"]
[Black "Kovac, Zoltan"]
[Result "1/2-1/2"]
[WhiteElo "1966"]
[BlackElo "2085"]
[PlyCount "126"]
[EventDate "2011.11.11"]
[EventType "swiss"]
[EventRounds "9"]
[EventCountry "SRB"]
[SourceTitle "CBM 145 Extra"]
[Source "ChessBase"]
[SourceDate "2012.01.03"]
[SourceVersion "1"]
[SourceVersionDate "2012.01.03"]
[SourceQuality "1"]

1. e4 e5 2. d4 exd4 3. Bc4 Nc6 4. Nf3 d6 5. 0-0 Be7 6. Nxd4 Nf6 7. Nxc6 bxc6 8. Nc3 Be6 9. Bd3 d5 10. e5 Ng4 11. Qe1 f6 12. exf6 Qd6 13. f7+ Bxf7 14. f4 0-0 15. h3 Qc5+ 16. Kh1 Nf6 17. a3 Rae8 18. Be3 d4 19. Bg1 Qd6 20. Rd1 c5 21. Ne4 Qc6 22. Nxf6+ Bxf6 23. Qd2 Bd5 24. b3 Kh8 25. Rfe1 Bh4 26. Rxe8 Rxe8 27. Rf1 Bg3 28. Bh2 Bh4 29. Bg1 Qe6 30. Kh2 Be1 31. Qd1 Bc3 32. Qh5 Be4 33. Qxc5 Bxd3 34. cxd3 Qxb3 35. Bxd4 Bxd4 36. Qxd4 Qxa3 37. Ra1 Qd6 38. Qxd6 cxd6 39. Rxa7 h6 40. Rd7 Re6 41. Kg1 Rf6 42. g3 g5 43. f5 Rxf5 44. Rxd6 Kg7 45. Kg2 Kh7 46. Re6 Kg7 47. Re3 Kg6 48. Rf3 Ra5 49. Kf2 Ra4 50. Ke3 Rb4 51. d4 Rb8 52. Ke4 Re8+ 53. Kd3 Rd8 54. g4 h5 55. Rf5 hxg4 56. hxg4 Ra8 57. d5 Ra3+ 58. Kd4 Ra4+ 59. Ke5 Rxg4 60. d6 Rg1 61. Ke6 Re1+ 62. Re5 Rxe5+ 63. Kxe5 Kf7 1/2-1/2

[Event "Backa Topola-ch"]
[Site "Backa Topola"]
[Date "2011.11.18"]
[Round "4"]
[White "Kovac, Zoltan"]
[Black "Orcik, Istvan"]
[Result "1-0"]
[WhiteElo "2085"]
[BlackElo "1741"]
[PlyCount "49"]
[EventDate "2011.11.11"]
[EventType "swiss"]
[EventRounds "9"]
[EventCountry "SRB"]
[SourceTitle "CBM 145 Extra"]
[Source "ChessBase"]
[SourceDate "2012.01.03"]
[SourceVersion "1"]
[SourceVersionDate "2012.01.03"]
[SourceQuality "1"]

1. d4 e6 2. c4 c5 3. d5 d6 4. Nc3 a6 5. e4 e5 6. Bd3 Nf6 7. Nge2 g6 8. 0-0 Bg7 9. f4 exf4 10. Bxf4 0-0 11. Qd2 Qe7 12. Rae1 Nbd7 13. b3 Ne5 14. Bb1 Nh5 15. Bg5 f6 16. Bh4 g5 17. Bg3 Bg4 18. h3 Bxe2 19. Nxe2 Nxg3 20. Nxg3 Nf7 21. e5 Nxe5 22. Qc2 Kf7 23. Nf5 Qd7 24. Nxg7 Ke7 25. Qxh7 1-0

[Event "Lakitelek Magyarok op"]
[Site "Lakitelek"]
[Date "2011.08.11"]
[Round "7"]
[White "Kovac, Zoltan"]
[Black "Marosi, Levente"]
[Result "0-1"]
[WhiteElo "2099"]
[BlackElo "1957"]
[PlyCount "56"]
[EventDate "2011.08.06"]
[EventType "swiss"]
[EventRounds "9"]
[EventCountry "HUN"]
[SourceTitle "CBM 144 Extra"]
[Source "ChessBase"]
[SourceDate "2011.10.28"]
[SourceVersion "1"]
[SourceVersionDate "2011.10.28"]
[SourceQuality "1"]

1. d4 Nf6 2. Nf3 g6 3. c4 Bg7 4. Nc3 0-0 5. Bg5 d6 6. e3 h6 7. Bh4 g5 8. Bg3 Nh5 9. Bd3 Nxg3 10. hxg3 e5 11. dxe5 dxe5 12. Qc2 f5 13. 0-0-0 Qf6 14. Nd5 Qf7 15. g4 c6 16. Nc3 e4 17. Nxe4 fxe4 18. Bxe4 Qf6 19. c5 Be6 20. Rd6 Na6 21. Nd4 Rae8 22. f4 gxf4 23. g5 hxg5 24. Bh7+ Kf7 25. Bf5 Nc7 26. Rh7 Kg8 27. Qe2 Qe5 28. Bxe6+ Nxe6 0-1

[Event "Subotica-ch"]
[Site "Subotica"]
[Date "2011.03.04"]
[Round "6"]
[White "Kovac, Zoltan"]
[Black "Vucelic, Rade"]
[Result "1/2-1/2"]
[WhiteElo "2090"]
[BlackElo "1994"]
[PlyCount "34"]
[EventDate "2011.02.21"]
[EventType "swiss"]
[EventRounds "9"]
[EventCountry "SRB"]
[SourceTitle "CBM 141 Extra"]
[Source "ChessBase"]
[SourceDate "2011.05.03"]
[SourceVersion "1"]
[SourceVersionDate "2011.05.03"]
[SourceQuality "1"]

1. e4 e6 2. d4 d5 3. exd5 exd5 4. Nf3 Bg4 5. Be2 Nf6 6. 0-0 Be7 7. c3 0-0 8. Bg5 c6 9. Nbd2 Nbd7 10. Re1 Re8 11. Nf1 Nf8 12. Ne5 Bxe2 13. Rxe2 Ne4 14. Bxe7 Rxe7 15. Ng3 Nxg3 16. hxg3 Ng6 17. Nxg6 hxg6 1/2-1/2

[Event "Subotica-ch"]
[Site "Subotica"]
[Date "2011.02.21"]
[Round "1"]
[White "Kovac, Zoltan"]
[Black "Lanji, Laslo"]
[Result "1/2-1/2"]
[WhiteElo "2090"]
[BlackElo "1870"]
[PlyCount "86"]
[EventDate "2011.02.21"]
[EventType "swiss"]
[EventRounds "9"]
[EventCountry "SRB"]
[SourceTitle "CBM 141 Extra"]
[Source "ChessBase"]
[SourceDate "2011.05.03"]
[SourceVersion "1"]
[SourceVersionDate "2011.05.03"]
[SourceQuality "1"]

1. d4 d5 2. c4 c6 3. Nc3 Nf6 4. cxd5 cxd5 5. Bg5 e6 6. e3 Be7 7. Nf3 Nc6 8. Rc1 a6 9. Bd3 Bd7 10. 0-0 h6 11. Bh4 Nb4 12. Bb1 Nc6 13. Ne5 Nh7 14. Bg3 Nxe5 15. Bxe5 Nf6 16. Qb3 Bc6 17. Na4 Bd6 18. Nc5 Bxc5 19. Rxc5 Nd7 20. Rxc6 bxc6 21. Bxg7 Rg8 22. Bxh6 Qh4 23. Bf4 Qd8 24. Rc1 Rc8 25. Qb7 Nb8 26. Bxb8 Rxb8 27. Qxc6+ Ke7 28. Qxa6 Rc8 29. Rxc8 Qxc8 30. Qxc8 Rxc8 31. Bd3 Rc1+ 32. Bf1 Rc2 33. a4 Rxb2 34. a5 Kd6 35. a6 f6 36. g4 Ra2 37. Kg2 Ke7 38. h4 Kf7 39. Kg3 Ra1 40. Be2 Ra2 41. Kf3 Ra3 42. Kf4 Ra2 43. Kf3 Ra3 1/2-1/2

[Event "Subotica-ch op "]
[Site "Subotica"]
[Date "2007.03.05"]
[Round "7"]
[White "Pacal, Mihaly"]
[Black "Kovac, Zoltan"]
[Result "1-0"]
[WhiteElo "2199"]
[BlackElo "2091"]
[PlyCount "79"]
[EventDate "2007.02.19"]
[EventType "swiss"]
[EventRounds "9"]
[EventCountry "YUG"]
[SourceTitle "EXT 2008"]
[Source "ChessBase"]
[SourceDate "2007.11.25"]
[SourceVersion "1"]
[SourceVersionDate "2007.11.25"]
[SourceQuality "1"]

1. e4 e5 2. f4 exf4 3. Bc4 d5 4. Bxd5 Nf6 5. Nc3 Bb4 6. Qf3 Bxc3 7. bxc3 Qe7 8. Bb3 Bf5 9. Ne2 Bxe4 10. Qxf4 0-0 11. Qe3 Nc6 12. 0-0 Rfe8 13. Nd4 Nxd4 14. Qxd4 Rad8 15. Qf2 Bd5 16. d3 Bxb3 17. axb3 a6 18. Bg5 Rd6 19. Rae1 Qd7 20. Rxe8+ Qxe8 21. Bf4 Rd7 22. Re1 Re7 23. Rxe7 Qxe7 24. Bg5 Qe5 25. Bxf6 gxf6 26. d4 Qe4 27. h3 f5 28. Qg3+ Kf8 29. Qxc7 Qxc2 30. b4 f4 31. Qd6+ Kg8 32. Qd8+ Kg7 33. Qg5+ Kf8 34. Qc5+ Kg8 35. d5 b6 36. Qd4 Kf8 37. Qe5 a5 38. d6 Kg8 39. Qe8+ Kg7 40. d7 1-0

[Event "Subotica-ch op "]
[Site "Subotica"]
[Date "2007.02.19"]
[Round "1"]
[White "Kocic, Milorad"]
[Black "Kovac, Zoltan"]
[Result "1/2-1/2"]
[WhiteElo "1849"]
[BlackElo "2091"]
[PlyCount "142"]
[EventDate "2007.02.19"]
[EventType "swiss"]
[EventRounds "9"]
[EventCountry "YUG"]
[SourceTitle "EXT 2008"]
[Source "ChessBase"]
[SourceDate "2007.11.25"]
[SourceVersion "1"]
[SourceVersionDate "2007.11.25"]
[SourceQuality "1"]

1. c4 e6 2. Nf3 d5 3. d4 Nf6 4. Bg5 Nbd7 5. e3 c6 6. Nbd2 dxc4 7. Bxc4 Be7 8. 0-0 0-0 9. e4 b6 10. h3 Bb7 11. Qe2 c5 12. e5 Nd5 13. Bxe7 Qxe7 14. dxc5 Nxc5 15. Nb3 Nxb3 16. Bxb3 Rfd8 17. Rfd1 Rac8 18. Rd4 Nb4 19. Rg4 Nd3 20. Nd4 Nc1 21. Qe3 Nxb3 22. Nxb3 Rc2 23. Qh6 Qf8 24. Qf6 Rd7 25. Qf4 Rxb2 26. Qa4 Re7 27. Qd4 Rc2 28. Qd3 Rcc7 29. Nd4 Red7 30. Qg3 Rc5 31. Re1 Rdd5 32. a4 Ba6 33. Nf3 Bd3 34. Nd4 Bg6 35. Nb5 Bf5 36. Rh4 Qe7 37. Nd6 g6 38. Rb4 Rc2 39. Qb3 Rdd2 40. Rf4 Qg5 41. Rf3 Rc5 42. Nxf5 exf5 43. e6 Qe7 44. exf7+ Qxf7 45. Re8+ Kg7 46. Qe3 Rd1+ 47. Kh2 Qc7+ 48. g3 Rd7 49. Qe6 Rf7 50. h4 Qc6 51. Qe3 Qxa4 52. Rf4 Qc6 53. Qd4+ Qf6 54. Qb4 Re5 55. Rc8 Re4 56. Rc4 Rxf4 57. Rxf4 a5 58. Rc4 Rd7 59. Qe1 Re7 60. Qd2 Qe5 61. Rc8 Rc7 62. Rd8 Re7 63. Qa2 Qe6 64. Qb2+ Qe5 65. Qxb6 a4 66. Ra8 Qf6 67. Qxf6+ Kxf6 68. Rxa4 Re2 69. Kg2 Rb2 70. Ra6+ Kg7 71. Ra7+ Kg8 1/2-1/2

[Event "Bajmok op 9th"]
[Site "Bajmok"]
[Date "2006.12.28"]
[Round "8"]
[White "Kovac, Zoltan"]
[Black "Halasi, Jozsef"]
[Result "1-0"]
[WhiteElo "2091"]
[BlackElo "2136"]
[PlyCount "145"]
[EventDate "2006.12.09"]
[EventType "swiss"]
[EventRounds "9"]
[EventCountry "SRB"]
[SourceTitle "EXT 2022"]
[Source "ChessBase"]
[SourceDate "2021.10.06"]
[SourceVersion "1"]
[SourceVersionDate "2021.10.06"]
[SourceQuality "1"]

1. d4 Nf6 2. Nf3 g6 3. g3 Bg7 4. Bg2 d6 5. c4 c6 6. Nc3 Nbd7 7. 0-0 0-0 8. e4 e5 9. b3 Qb6 10. Bb2 a5 11. dxe5 dxe5 12. Ba3 Re8 13. Na4 Qa6 14. Nc3 a4 15. Qe2 b5 16. Nd2 Rb8 17. Bd6 Rb7 18. c5 Qa5 19. Rfc1 a3 20. Nd5 Bf8 21. Bxf8 Kxf8 22. b4 Qd8 23. Nxf6 Nxf6 24. Nb1 Qd4 25. Nxa3 Qxb4 26. Qe3 Ng4 27. Qb3 Qd2 28. Rc2 Qd4 29. Rac1 Be6 30. Qb2 Qxb2 31. Rxb2 Ra7 32. Nc2 Bxa2 33. h3 Nf6 34. Ra1 Rea8 35. Nb4 Bc4 36. Rxa7 Rxa7 37. Nxc6 Ra1+ 38. Kh2 Nd7 39. Rd2 Ke8 40. h4 Ra2 41. Rxa2 Bxa2 42. Nb4 Bc4 43. c6 Nb6 44. Bh3 Kd8 45. Kg2 Kc7 46. f4 Be6 47. f5 gxf5 48. exf5 Bd5+ 49. Kf2 Bxc6 50. g4 Be8 51. g5 Kd6 52. Bf1 Nd5 53. Nc2 b4 54. Bc4 Nc3 55. f6 Kc5 56. Bb3 Ne4+ 57. Ke3 Nd6 58. Kd3 Bb5+ 59. Ke3 Bc4 60. Ba4 b3 61. Bxb3 Bxb3 62. Ne1 Bd5 63. Nd3+ Kb6 64. Nxe5 Nf5+ 65. Kf4 Nxh4 66. Kg4 Ng6 67. Nd3 Kc6 68. Nf4 Nxf4 69. Kxf4 Kd6 70. Kg4 Ke5 71. Kh4 Kf4 72. Kh5 Bf3+ 73. Kh6 1-0

[Event "Senta op-A 10th"]
[Site "Senta"]
[Date "2006.07.25"]
[Round "6"]
[White "Kovac, Zoltan"]
[Black "Mamuzic, Mirko"]
[Result "0-1"]
[WhiteElo "2100"]
[BlackElo "2233"]
[PlyCount "66"]
[EventDate "2006.07.21"]
[EventType "swiss"]
[EventRounds "9"]
[EventCountry "YUG"]
[SourceTitle "CBM 113 Extra"]
[Source "ChessBase"]
[SourceDate "2006.09.14"]
[SourceVersion "1"]
[SourceVersionDate "2006.09.14"]
[SourceQuality "1"]

1. Nf3 Nf6 2. g3 g6 3. Bg2 Bg7 4. 0-0 0-0 5. d4 d6 6. Nc3 c6 7. b3 a5 8. a4 Na6 9. Bb2 Re8 10. e3 Bg4 11. h3 Bf5 12. Nh4 Bd7 13. e4 Qc7 14. f4 e5 15. dxe5 dxe5 16. f5 Rad8 17. Qe2 Nb4 18. g4 Bc8 19. Nf3 b6 20. Rfd1 Ba6 21. Qf2 Bf8 22. Kh1 Bc5 23. Qh4 Qe7 24. Nxe5 Qxe5 25. Rxd8 Rxd8 26. Nd5 Qxb2 27. Nxf6+ Kf8 28. Nxh7+ Ke8 29. Nf6+ Ke7 30. Ng8+ Kd7 31. Rd1+ Bd3 32. Nf6+ Kc8 33. cxd3 Nxd3 0-1

[Event "Senta op-A 10th"]
[Site "Senta"]
[Date "2006.07.22"]
[Round "3"]
[White "Stanojevic, Branko"]
[Black "Kovac, Zoltan"]
[Result "1-0"]
[WhiteElo "2334"]
[BlackElo "2100"]
[PlyCount "63"]
[EventDate "2006.07.21"]
[EventType "swiss"]
[EventRounds "9"]
[EventCountry "YUG"]
[SourceTitle "CBM 113 Extra"]
[Source "ChessBase"]
[SourceDate "2006.09.14"]
[SourceVersion "1"]
[SourceVersionDate "2006.09.14"]
[SourceQuality "1"]

1. d4 d5 2. c4 e6 3. Nc3 Nf6 4. Bg5 c6 5. e3 Bb4 6. Qb3 Qa5 7. Bxf6 gxf6 8. Bd3 e5 9. cxd5 cxd5 10. a3 Bxc3+ 11. bxc3 Nc6 12. Ne2 Rb8 13. Bb5 Bd7 14. dxe5 Nxe5 15. Bxd7+ Nxd7 16. Rd1 Nb6 17. 0-0 Rd8 18. Rd4 Rd7 19. Nf4 Rc7 20. Rc1 Rc5 21. Nd3 Rc4 22. Nb2 Rc7 23. e4 dxe4 24. Rxe4+ Re7 25. Ree1 Re4 26. Rxe4+ Kf8 27. Qd1 Nc8 28. Nc4 Qc7 29. Ne3 Ne7 30. Qd4 Qb6 31. Qd3 Rg8 32. Rxe7 1-0

[Event "Bajmok op 8th"]
[Site "Bajmok"]
[Date "2006.01.03"]
[Round "7"]
[White "Maravic, Zdravko"]
[Black "Kovac, Zoltan"]
[Result "0-1"]
[WhiteElo "2099"]
[BlackElo "2059"]
[PlyCount "72"]
[EventDate "2005.12.23"]
[EventType "swiss"]
[EventRounds "9"]
[EventCountry "YUG"]
[SourceTitle "CBM 110 Extra"]
[Source "ChessBase"]
[SourceDate "2006.03.10"]
[SourceVersion "2"]
[SourceVersionDate "2006.03.10"]
[SourceQuality "1"]

1. e4 e5 2. f4 exf4 3. Nf3 d5 4. exd5 Qxd5 5. Nc3 Qa5 6. Bc4 Bb4 7. Qe2+ Ne7 8. 0-0 0-0 9. d4 Bg4 10. Bxf4 Ng6 11. Bg3 Nc6 12. Rad1 Bxc3 13. bxc3 Qxc3 14. Bf2 Rad8 15. Qd3 Qxd3 16. Bxd3 Bxf3 17. gxf3 Nxd4 18. Bxg6 Ne2+ 19. Kg2 hxg6 20. Rxd8 Rxd8 21. a4 Nf4+ 22. Kg1 Nh3+ 23. Kg2 Nxf2 24. Rxf2 Rd4 25. Re2 Kf8 26. Kf2 Rxa4 27. Ke1 Rd4 28. Kf2 a5 29. c3 Rc4 30. Rb2 b6 31. Rb3 Ke7 32. Ke3 a4 33. Ra3 b5 34. Kd3 Ke6 35. Ra2 Rh4 36. Re2+ Kd6 0-1

[Event "Bajmok op 8th"]
[Site "Bajmok"]
[Date "2006.01.03"]
[Round "6"]
[White "Petrekanovic, Miroslav"]
[Black "Kovac, Zoltan"]
[Result "1-0"]
[WhiteElo "2087"]
[BlackElo "2059"]
[PlyCount "73"]
[EventDate "2005.12.23"]
[EventType "swiss"]
[EventRounds "9"]
[EventCountry "YUG"]
[SourceTitle "CBM 110 Extra"]
[Source "ChessBase"]
[SourceDate "2006.03.10"]
[SourceVersion "2"]
[SourceVersionDate "2006.03.10"]
[SourceQuality "1"]

1. d4 Nf6 2. Nf3 d5 3. c4 c6 4. Nc3 dxc4 5. a4 Bf5 6. e3 e6 7. Bxc4 Nbd7 8. Qe2 Bb4 9. 0-0 0-0 10. e4 Bg4 11. Rd1 Qc7 12. h3 Bxf3 13. Qxf3 e5 14. d5 h6 15. g4 Nb6 16. Bb3 cxd5 17. exd5 e4 18. Qg3 Rfd8 19. g5 Bxc3 20. bxc3 hxg5 21. d6 Qd7 22. Bxg5 Qf5 23. Rd4 Rac8 24. Rad1 Rc5 25. Bh6 Nh5 26. Qh4 Rd7 27. Bd2 Re5 28. Qg4 Nf6 29. Qxf5 Rxf5 30. c4 Nc8 31. Be3 b6 32. Bc2 Kf8 33. Kg2 Re5 34. Bf4 Re6 35. Bb3 Re8 36. a5 Red8 37. Ba4 1-0

[Event "Bajmok op 8th"]
[Site "Bajmok"]
[Date "2005.12.28"]
[Round "4"]
[White "Tancik, Kristijan"]
[Black "Kovac, Zoltan"]
[Result "1/2-1/2"]
[WhiteElo "2120"]
[BlackElo "2059"]
[PlyCount "38"]
[EventDate "2005.12.23"]
[EventType "swiss"]
[EventRounds "9"]
[EventCountry "YUG"]
[SourceTitle "CBM 110 Extra"]
[Source "ChessBase"]
[SourceDate "2006.03.10"]
[SourceVersion "2"]
[SourceVersionDate "2006.03.10"]
[SourceQuality "1"]

1. d4 e6 2. c4 Nf6 3. Nf3 Bb4+ 4. Nbd2 d5 5. Qa4+ Nc6 6. a3 Be7 7. e3 0-0 8. Qc2 Re8 9. b4 e5 10. dxe5 Ng4 11. cxd5 Ncxe5 12. Nxe5 Nxe5 13. Be2 Qxd5 14. 0-0 c6 15. Nf3 Bg4 16. Nxe5 Bxe2 17. Qxe2 Qxe5 18. Bb2 Qe6 19. Rfd1 Rad8 1/2-1/2